000 00514nam a2200181Ia 4500
003 GCL
008 140319s9999 xx 000 0 eng d
040 _aGCL /
_cGCL
082 0 4 _a658.003
_bA D
100 1 _aANDERSON, R.G
245 1 0 _aA DICTIONARY OF MANAGEMENT TERMS : WITH AN ENGLISH - ARABIC GLOSSARY /
_cANDERSON, R.G
700 1 _aKHATIB, A.SH.
260 _a[S.N] :
_bLIBRAIRIE DU LIBAN ،
_c1987
300 _a146 P P
650 0 4 _aMANAGEMENT - DICTIONARY
650 0 4 _aMANAGEMENT
942 _2ddc
_cBK
999 _c12332
_d12332